Chancen und Risiken von Joint Ventures in der CSFR. Eine empirische Analyse Dissertation der Hochschule St. Gallen
Saved in:
| Main Author: | |
|---|---|
| Format: | Book |
| Language: | German |
| Published: |
St. Gallen
Die Hochschule St. Gallen
1993
|
| Subjects: | |
| Tags: |
No Tags, Be the first to tag this record!
|
MARC
| LEADER | 00000nam a2200000 4500 | ||
|---|---|---|---|
| 001 | c105870 | ||
| 005 | 20221123112450.8 | ||
| 041 | 0 | |a ger | |
| 044 | |a CH | ||
| 245 | 1 | 0 | |a Chancen und Risiken von Joint Ventures in der CSFR. Eine empirische Analyse |b Dissertation der Hochschule St. Gallen |c Axel Tamm |
| 264 | 1 | |a St. Gallen |b Die Hochschule St. Gallen |c 1993 | |
| 300 | |a 347 s. | ||
| 610 | 2 | 0 | |a joint ventures |
| 610 | 2 | 0 | |a riziko |
| 610 | 2 | 0 | |a vývoj hospodársky |
| 610 | 2 | 0 | |a politika |
| 610 | 2 | 0 | |a revolúcia |
| 610 | 2 | 0 | |a priemysel |
| 610 | 2 | 0 | |a kooperácia |
| 610 | 2 | 0 | |a investori |
| 610 | 2 | 0 | |a kapitál |
| 610 | 2 | 0 | |a konflikty |
| 610 | 2 | 0 | |a liberalizácia |
| 610 | 2 | 0 | |a trh |
| 610 | 2 | 0 | |a zákony |
| 610 | 2 | 0 | |a spoločnosti akciové |
| 610 | 2 | 0 | |a dane |
| 610 | 2 | 0 | |a výskum |
| 610 | 2 | 0 | |a dáta |
| 610 | 2 | 0 | |a analýzy |
| 610 | 2 | 0 | |a motivácia |
| 610 | 2 | 0 | |a ČSFR |
| 100 | 1 | |a Tamm, Axel | |